00712nam a2200241 a 4500001001300000003000900013005001700022008004100039020002300080082001500103100002000118245003400138260003100172300000900203500003500212505002400247650003100271700002000302902000800322942000700330952011600337999001700453nice12345678IN_TiNIC20260116014040.0050524s2003 dela grp 000 0 eng  a0679859 c29500a923.1bTHA aTharoor, Shashi aNehru, the Invention of India aDelhibPenguin Booksc2003 a261p aincludes index and biblioraphy2 aSelect Bibliography aJawaharlal Nehru-Biography1 aTharoor, Shashi bSRS cBK 001040708StackRoom-aHMIbHMId2007-06-06g295.00l0o923.1 THAp020736r2007-06-06v295.00w2005-05-24yBK c13663d13663